| 000 | 00543nam a22001937a 4500 | ||
|---|---|---|---|
| 005 | 20240401154130.0 | ||
| 008 | 240401b |||||||| |||| 00| 0 eng d | ||
| 020 | _a9789392242144 | ||
| 041 | _aEng. | ||
| 082 | _a610.7368/SON | ||
| 100 | _aK. Anupama | ||
| 245 |
_aPratical Record Book for Mental Health Nursing _bBsc nursing Students V &VI Semester |
||
| 250 | _a2nd | ||
| 260 |
_aPunjab _bVision Health Science Publisher _c2024 |
||
| 300 | _a356 p. | ||
| 651 | _aPsychiatric Nursing | ||
| 700 |
_aSoni Ritika _9206174 |
||
| 942 | _cDB | ||
| 999 |
_c357664 _d357664 |
||